[Event "European Blitz 2016"]
[Site "Tallinn EST"]
[Date "2016.12.17"]
[Round "17.26"]
[White "Malakhov, Igor"]
[Black "Grigoriants, Sergey"]
[Result "0-1"]
[WhiteTitle "IM"]
[BlackTitle "GM"]
[WhiteElo "2454"]
[BlackElo "2563"]
[WhiteFideId "4183088"]
[BlackFideId "4130804"]
[EventDate "2016.12.17"]

1. e4 e5 2. Nf3 Nc6 3. Bb5 a6 4. Ba4 Nf6 5. Bxc6 dxc6 6. d3 Bd6 7. Nbd2 c5 8.
Nc4 Qe7 9. h3 Nd7 10. Ne3 Nf8 11. Nd5 Qd8 12. Bg5 f6 13. Bd2 Be6 14. Nh4 Qd7 15.
c4 O-O-O 16. a3 Ng6 17. Nxg6 hxg6 18. b4 Kb8 19. Be3 cxb4 20. axb4 c6 21. Nb6
Bxb4+ 22. Ke2 Qc7 23. Qb3 c5 24. Nd5 Bxd5 25. cxd5 f5 26. f3 fxe4 27. dxe4 Qd6
28. Rhb1 Rd7 29. Qc4 Rc8 30. Bf2 b5 31. Qb3 Rb7 32. Qb2 a5 33. Bg3 Re8 34. Qa2
c4 35. Be1 Bxe1 36. Kxe1 a4 37. Qf2 Rc8 38. Kd2 Qc5 39. Qxc5 Rxc5 40. Rb4 Kc7
41. Kc3 Kd6 42. Ra2 Rcc7 43. Ra1 Kc5 44. Ra2 g5 45. Ra1 Rb6 46. Ra2 Rcb7 47. Ra1
Rd7 48. Ra2 Rf7 49. Ra1 Rff6 50. Ra2 Rfd6 51. Ra1 Rd7 52. Ra2 Rd8 53. Ra1 Ra8
54. Ra3 Ra5 55. Ra1 a3 56. Ra2 Ra7 57. g3 Rba6 58. h4 Ra4 59. Rb1 b4+ 60. Kd2 b3
61. Raa1 Kd4 62. Rd1 c3+ 63. Ke2+ Kc5 64. Rd3 Rc4 65. d6 b2 66. Rd5+ Kb4 67.
Rad1 c2 68. d7 cxd1=Q+ 0-1

[Event "European Blitz 2016"]
[Site "Tallinn EST"]
[Date "2016.12.17"]
[Round "17.27"]
[White "Skytte, Rasmus"]
[Black "Ruck, Robert"]
[Result "1-0"]
[WhiteTitle "IM"]
[BlackTitle "GM"]
[WhiteElo "2390"]
[BlackElo "2561"]
[WhiteFideId "1404210"]
[BlackFideId "705713"]
[EventDate "2016.12.17"]

1. e4 c6 2. d4 d5 3. Nc3 dxe4 4. Nxe4 Bf5 5. Ng3 Bg6 6. h4 h6 7. Nh3 Nf6 8. Nf4
Bh7 9. Bc4 e6 10. O-O Bd6 11. Re1 O-O 12. Ngh5 Nbd7 13. Nxe6 fxe6 14. Rxe6 Kh8
15. Rxd6 Qc7 16. Re6 Rae8 17. Bf4 Qa5 18. Nxf6 Nxf6 19. Rxe8 Rxe8 20. Be5 Qb4
21. Bb3 a5 22. a4 Nd7 23. Qh5 Rf8 24. Bxg7+ Kxg7 25. Qg4+ Kh8 26. Qxd7 Qd2 27.
Rf1 Qf4 28. Qe7 Be4 29. Qe5+ Qxe5 30. dxe5 b5 31. Re1 Bg6 32. e6 1-0

[Event "European Blitz 2016"]
[Site "Tallinn EST"]
[Date "2016.12.17"]
[Round "17.28"]
[White "Karttunen, Mika"]
[Black "Reprintsev, Alexander"]
[Result "1-0"]
[WhiteTitle "IM"]
[BlackTitle "IM"]
[WhiteElo "2455"]
[BlackElo "2321"]
[WhiteFideId "502081"]
[BlackFideId "14100541"]
[EventDate "2016.12.17"]

1. d4 d5 2. Nf3 Nc6 3. Bf4 Bg4 4. h3 Bxf3 5. exf3 e6 6. c3 Bd6 7. Be3 Nge7 8.
Bd3 Qd7 9. Qc2 e5 10. a3 exd4 11. cxd4 O-O-O 12. Nc3 g6 13. Nb5 a6 14. Nxd6+
Qxd6 15. O-O f5 16. f4 Ng8 17. b4 Nb8 18. Rfc1 Nf6 19. Qa4 c6 20. b5 axb5 21.
Bxb5 Rhe8 22. Qa8 Nd7 23. Rab1 Nb6 24. Qa5 Nc4 25. Bxc4 dxc4 26. Rxc4 Rd7 27.
Rd1 Qc7 28. Qa8 Rd5 29. Rc5 Red8 30. Rdc1 Qb6 31. Qa4 Kc7 32. Qc4 Na6 33. Rxd5
Rxd5 34. Qxd5 1-0

[Event "European Blitz 2016"]
[Site "Tallinn EST"]
[Date "2016.12.17"]
[Round "17.29"]
[White "Zakhartsov, Vladimir"]
[Black "Novikov, Stanislav"]
[Result "1-0"]
[WhiteTitle "IM"]
[BlackTitle "GM"]
[WhiteElo "2453"]
[BlackElo "2513"]
[WhiteFideId "4145097"]
[BlackFideId "4125371"]
[EventDate "2016.12.17"]

1. e4 g6 2. d4 Bg7 3. Nc3 c6 4. f4 Qb6 5. Nf3 d5 6. exd5 Bg4 7. Be3 Nh6 8. Qd2
Bxf3 9. gxf3 Nf5 10. O-O-O Qa5 11. Bh3 cxd5 12. Bxf5 gxf5 13. Rhg1 Bf6 14. Kb1
Nc6 15. Qd3 e6 16. a3 a6 17. Ne2 Qb5 18. Qd2 Na5 19. Nc3 Qc6 20. Ne4 Bd8 21.
Nf6+ Bxf6 22. Qxa5 Rc8 23. Rg2 Kd7 24. Rd3 Rhg8 25. Rgd2 Qc4 26. Rb3 Rc7 27. Ka2
Rgc8 28. Qb6 Be7 29. Rg2 Bf6 30. Rd2 Qf1 31. Qa5 Qxf3 32. Qa4+ Kd8 33. Qb4 Be7
34. Qb6 Qf1 35. Rf2 Qc4 36. Rg2 Kd7 37. Qa5 Bf6 38. Qb6 Qc6 39. Qb4 b5 40. Rc3
Qd6 41. Rc5 Rxc5 42. dxc5 Qc6 43. Qd2 Kc7 44. c3 Kb7 45. Bd4 Be7 46. b4 Rc7 47.
Rg7 f6 48. Rxh7 Rd7 49. h4 e5 50. fxe5 fxe5 51. Bxe5 d4 52. Bxd4 Qd5+ 53. Kb2 f4
54. Qxf4 Qg2+ 55. Qf2 Qxf2+ 56. Bxf2 Rd2+ 57. Kb3 Rxf2 58. Rxe7+ Kc6 59. Re6+
Kb7 60. h5 Rh2 61. h6 Ka7 62. Re7+ 1-0

[Event "European Blitz 2016"]
[Site "Tallinn EST"]
[Date "2016.12.17"]
[Round "17.30"]
[White "Ladva, Ottomar"]
[Black "Chigaev, Maksim"]
[Result "0-1"]
[WhiteTitle "GM"]
[BlackTitle "GM"]
[WhiteElo "2510"]
[BlackElo "2531"]
[WhiteFideId "4500024"]
[BlackFideId "4108116"]
[EventDate "2016.12.17"]

1. Nf3 g6 2. d4 Bg7 3. e4 d6 4. Nc3 a6 5. Be3 Nf6 6. h3 O-O 7. Qd2 b5 8. e5 b4
9. exf6 bxc3 10. Qxc3 Bxf6 11. Qd2 Bb7 12. Be2 Nd7 13. O-O c5 14. c3 Qc7 15. Bg5
Rfd8 16. Bxf6 Nxf6 17. Rfe1 Rab8 18. Rad1 a5 19. b3 Rbc8 20. c4 d5 21. cxd5 Rxd5
22. Bc4 Rf5 23. Ne5 Ne4 24. Qh6 e6 25. Ng4 Nf6 26. Nxf6+ Rxf6 27. dxc5 Qc6 28.
f3 Qxc5+ 29. Qe3 Qc7 30. Qe5 Rf5 31. Qxc7 Rxc7 32. Rd6 Kg7 33. Kf2 h5 34. h4 a4
35. Re2 axb3 36. axb3 Bc6 37. Red2 Kf8 38. Rd8+ Ke7 39. Rb8 Rc5 40. Rb6 Bd7 41.
Rb8 Bc8 42. Rb6 Bb7 43. Rbd6 Bc6 44. R6d4 Bb5 45. Bxb5 Rxb5 46. b4 e5 47. Rd5
Rxd5 48. Rxd5 Rc2+ 49. Kg3 Ke6 50. Rb5 Rb2 51. Rb7 f6 52. b5 Kf5 53. Rb6 Rb4 54.
Kh3 g5 55. hxg5 fxg5 56. Rb8 Kf4 57. b6 Ke3 58. b7 Kf2 59. Rg8 Rh4# 0-1

[Event "European Blitz 2016"]
[Site "Tallinn EST"]
[Date "2016.12.17"]
[Round "17.31"]
[White "Neiksans, Arturs"]
[Black "Margolin, Boris"]
[Result "1-0"]
[WhiteTitle "GM"]
[BlackTitle "IM"]
[WhiteElo "2631"]
[BlackElo "2387"]
[WhiteFideId "11601388"]
[BlackFideId "4646193"]
[EventDate "2016.12.17"]

1. Nf3 Nf6 2. c4 c6 3. e3 d6 4. d4 Nbd7 5. Nc3 e5 6. g3 Be7 7. Bg2 O-O 8. O-O
Re8 9. e4 a6 10. d5 cxd5 11. cxd5 b5 12. a3 Nb6 13. b3 Bd7 14. Qd3 Qb8 15. Bd2
Rc8 16. Nh4 g6 17. f4 exf4 18. gxf4 Ne8 19. Nf3 Ng7 20. Nd4 f5 21. Nc6 Bxc6 22.
dxc6 Qc7 23. Nd5 Nxd5 24. exd5 Bf6 25. Rae1 Re8 26. Bc3 Bxc3 27. Qxc3 Kf7 28.
Qd4 Rxe1 29. Rxe1 Re8 30. Rxe8 Nxe8 31. b4 Nf6 32. Bf3 Qe7 33. Qc3 Ne8 34. Kg2
h5 35. Qd4 Nc7 36. Qa7 Kf6 37. Qb8 Kg7 38. Qc8 Kf7 39. Kf1 Kg7 40. Qd7 Kf7 41.
Qxe7+ Kxe7 42. Ke2 Kf6 43. Kd2 Ke7 44. Kc2 Kf6 45. Kb3 Ke7 46. a4 Kf6 47. axb5
axb5 48. Kc3 h4 49. Kd4 g5 50. fxg5+ Kxg5 51. Ke3 Ne8 52. Be2 Nc7 53. Kf3 Kg6
54. Kg2 Kg5 55. Kh3 Nxd5 56. Kg2 Nc7 57. Kf3 Kf6 58. Kf4 Ne6+ 59. Ke3 Nc7 60.
Kd4 Kg5 61. Ke3 Kg6 62. Bf3 Kf6 63. Kd4 Ke6 64. Bg2 Kf6 65. Bf3 Kg5 66. Ke3 Ne6
67. Bd5 Nc7 68. Bb3 Kf6 69. Kf4 Na6 70. Ba2 Nc7 71. Bb1 Ne6+ 72. Ke3 Ke5 73. Bd3
Nc7 74. Kf3 d5 75. Kg2 f4 76. Kh3 Kd4 77. Bf1 Kc3 78. Kxh4 Kxb4 79. Kg4 Kc3 80.
h4 b4 81. h5 b3 82. h6 Ne6 83. h7 Nd4 84. h8=Q 1-0

[Event "European Blitz 2016"]
[Site "Tallinn EST"]
[Date "2016.12.17"]
[Round "17.32"]
[White "Kanep, Meelis"]
[Black "Piorun, Kacper"]
[Result "1/2-1/2"]
[WhiteTitle "GM"]
[BlackTitle "GM"]
[WhiteElo "2485"]
[BlackElo "2657"]
[WhiteFideId "4501047"]
[BlackFideId "1130420"]
[EventDate "2016.12.17"]

1. d4 Nf6 2. Bg5 e6 3. e4 c5 4. d5 h6 5. Bxf6 Qxf6 6. Nc3 a6 7. Nf3 e5 8. a4 d6
9. Be2 g6 10. O-O Bg7 11. Nd2 O-O 12. Nc4 Nd7 13. a5 Qe7 14. Na4 f5 15. exf5
gxf5 16. Nab6 Rb8 17. Nxc8 Rbxc8 18. c3 e4 19. f4 Kh8 20. Ne3 Qf6 21. Kh1 Rg8
22. g3 Nf8 23. Rf2 Ng6 24. Bf1 Ne7 25. Qh5 Rgf8 26. Bh3 Qf7 27. Qxf7 Rxf7 28.
Rd2 h5 29. Nc4 Rd8 30. Ra3 Kh7 31. Rb3 Nc8 32. Ne3 Kg6 33. Kg2 Rdd7 34. Kf2 Rc7
35. Ng2 Bf6 36. Ne3 Bg7 37. Ng2 Bf6 38. Ne3 Bg7 1/2-1/2

[Event "European Blitz 2016"]
[Site "Tallinn EST"]
[Date "2016.12.17"]
[Round "18.1"]
[White "Andreikin, Dmitry"]
[Black "Movsesian, Sergei"]
[Result "1/2-1/2"]
[WhiteTitle "GM"]
[BlackTitle "GM"]
[WhiteElo "2737"]
[BlackElo "2673"]
[WhiteFideId "4158814"]
[BlackFideId "310204"]
[EventDate "2016.12.17"]

1. d4 Nf6 2. c4 e6 3. Nf3 d5 4. g3 Be7 5. Bg2 O-O 6. O-O dxc4 7. Qc2 a6 8. a4
Bd7 9. Qxc4 Bc6 10. Bg5 Nbd7 11. Nc3 h6 12. Bxf6 Nxf6 13. e3 a5 14. Rac1 Bxf3
15. Bxf3 c6 16. Rfd1 Qb6 17. Ne4 Nxe4 18. Bxe4 Qb4 19. Qc2 Rfd8 20. Bd3 Qb6 21.
Bc4 Rd6 22. b3 Rad8 23. Qe4 Bf6 24. Kg2 g6 25. h4 h5 26. Qf3 Bg7 27. Rh1 Qb4 28.
g4 b5 29. Be2 hxg4 30. Qxg4 Qxb3 31. h5 Qd5+ 32. Bf3 Qf5 33. Qxf5 gxf5 34. Bxc6
bxa4 35. Bxa4 f4 36. Rc7 Bh6 37. Kf3 fxe3 38. fxe3 Rd5 39. Bc2 Kf8 40. Be4 Rb5
41. Bd3 Rb3 42. Ke2 Rb2+ 43. Bc2 Re8 44. Rf1 Re7 45. Rc8+ Re8 46. Rc7 Re7 47.
Rc8+ Re8 48. Rc7 1/2-1/2

[Event "European Blitz 2016"]
[Site "Tallinn EST"]
[Date "2016.12.17"]
[Round "18.2"]
[White "Pavlidis, Antonios"]
[Black "Mamedov, Rauf"]
[Result "0-1"]
[WhiteTitle "GM"]
[BlackTitle "GM"]
[WhiteElo "2532"]
[BlackElo "2688"]
[WhiteFideId "4212312"]
[BlackFideId "13401653"]
[EventDate "2016.12.17"]

1. e4 c5 2. Nf3 Nc6 3. Bb5 g6 4. Bxc6 bxc6 5. d4 cxd4 6. Qxd4 Nf6 7. e5 Nd5 8.
O-O Bg7 9. Qh4 h6 10. c4 Nc7 11. Nc3 Ne6 12. Be3 Qc7 13. Qe4 O-O 14. c5 Rb8 15.
b4 d6 16. cxd6 exd6 17. exd6 Qxd6 18. Rac1 Rxb4 19. Qc2 Rc4 20. Qb3 Ba6 21. Rfd1
Qb8 22. Qa3 Bb5 23. Nxb5 cxb5 24. Bxa7 Qa8 25. Qe3 Rfc8 26. Rxc4 bxc4 27. Ne1 c3
28. Nc2 Qc6 29. a3 Qa4 30. Rc1 Rd8 31. Qe1 Qxa7 0-1

[Event "European Blitz 2016"]
[Site "Tallinn EST"]
[Date "2016.12.17"]
[Round "18.3"]
[White "Vitiugov, Nikita"]
[Black "Rakhmanov, Aleksandr"]
[Result "1/2-1/2"]
[WhiteTitle "GM"]
[BlackTitle "GM"]
[WhiteElo "2726"]
[BlackElo "2667"]
[WhiteFideId "4152956"]
[BlackFideId "4173708"]
[EventDate "2016.12.17"]

1. d4 Nf6 2. c4 d6 3. Nc3 Bf5 4. f3 e5 5. e4 exd4 6. Qxd4 Be6 7. Qd2 c6 8. Bd3
Nbd7 9. Nge2 Ne5 10. b3 Nxd3+ 11. Qxd3 d5 12. cxd5 cxd5 13. exd5 Nxd5 14. Nxd5
Qxd5 15. Qxd5 Bxd5 16. Nc3 Bc6 17. Kf2 f6 18. Ne4 Bxe4 19. fxe4 Bd6 20. Be3 Ke7
21. Rac1 Rac8 22. h3 a6 23. Rxc8 Rxc8 24. Rc1 Rxc1 25. Bxc1 Be5 26. Ba3+ Kd7 27.
Ke3 Kc6 28. Bf8 g6 29. Kd3 b5 30. Be7 Kd7 31. Bc5 Ke6 32. a4 f5 33. exf5+ Kxf5
34. axb5 axb5 35. Be3 h5 36. Bd2 g5 37. Be3 1/2-1/2

[Event "European Blitz 2016"]
[Site "Tallinn EST"]
[Date "2016.12.17"]
[Round "18.4"]
[White "Bologan, Victor"]
[Black "Ponomariov, Ruslan"]
[Result "1/2-1/2"]
[WhiteTitle "GM"]
[BlackTitle "GM"]
[WhiteElo "2640"]
[BlackElo "2709"]
[WhiteFideId "13900048"]
[BlackFideId "14103320"]
[EventDate "2016.12.17"]

1. e4 c5 2. Nf3 e6 3. d3 Nc6 4. g3 Nf6 5. Bg2 d6 6. O-O Be7 7. c3 O-O 8. Re1 Bd7
9. Nbd2 b5 10. d4 cxd4 11. cxd4 Qb6 12. Nb3 a5 13. d5 Ne5 14. Nxe5 dxe5 15. Be3
Qa6 16. Nc5 Bxc5 17. Bxc5 Rfc8 18. b4 axb4 19. Bxb4 Rc4 20. a3 Rac8 21. h3 Qb6
22. Qe2 h6 23. Rad1 exd5 24. exd5 e4 25. Qe3 Qxe3 26. Rxe3 h5 27. Be7 Bf5 28.
Bf1 Rc1 29. Ree1 Rxd1 30. Rxd1 Bd7 31. Bxf6 gxf6 32. Rb1 Rc5 33. Rd1 Kg7 34. h4
f5 35. Be2 Kg6 36. Kf1 Rc3 37. Rb1 Rc5 38. Rd1 Rc3 39. Rb1 Rc5 1/2-1/2

[Event "European Blitz 2016"]
[Site "Tallinn EST"]
[Date "2016.12.17"]
[Round "18.5"]
[White "Saric, Ivan"]
[Black "Navara, David"]
[Result "1-0"]
[WhiteTitle "GM"]
[BlackTitle "GM"]
[WhiteElo "2652"]
[BlackElo "2725"]
[WhiteFideId "14508150"]
[BlackFideId "309095"]
[EventDate "2016.12.17"]

1. e4 c6 2. d4 d5 3. Nc3 dxe4 4. Nxe4 Bf5 5. Ng3 Bg6 6. h4 h6 7. Nf3 Nf6 8. Ne5
Bh7 9. Bd3 Bxd3 10. Qxd3 Nbd7 11. f4 e6 12. Bd2 Be7 13. O-O-O Qc7 14. Ne4 Nxe4
15. Qxe4 Nf6 16. Qf3 g6 17. Kb1 h5 18. c4 Rc8 19. Bc3 b5 20. d5 cxd5 21. cxd5
Nxd5 22. Rxd5 exd5 23. Qxd5 Rh7 24. Re1 b4 25. Qb5+ Kf8 26. Nd7+ Kg8 27. Rxe7
Qd6 28. Nf6+ Kg7 29. Ne8+ 1-0

[Event "European Blitz 2016"]
[Site "Tallinn EST"]
[Date "2016.12.17"]
[Round "18.6"]
[White "Andriasian, Zaven"]
[Black "Munoz, Miguel"]
[Result "1-0"]
[WhiteTitle "GM"]
[BlackTitle "GM"]
[WhiteElo "2621"]
[BlackElo "2473"]
[WhiteFideId "13302000"]
[BlackFideId "3800229"]
[EventDate "2016.12.17"]

1. e4 d5 2. exd5 Qxd5 3. Nc3 Qa5 4. d4 Nf6 5. Nf3 Nc6 6. Be2 Bg4 7. h3 Bh5 8.
Bb5 O-O-O 9. Bxc6 bxc6 10. Bd2 Qa6 11. Qe2 Qxe2+ 12. Nxe2 Bxf3 13. gxf3 e6 14.
c3 c5 15. O-O-O cxd4 16. Nxd4 Bc5 17. Nc6 Rd5 18. c4 Rd6 19. Ne5 Rf8 20. Be3
Bxe3+ 21. fxe3 Nd7 22. Nd3 Rd8 23. Kc2 c5 24. a3 Kc7 25. b4 Ra6 26. Ra1 Rc6 27.
b5 Rd6 28. Rhd1 Nb6 29. Nb2 1-0

[Event "European Blitz 2016"]
[Site "Tallinn EST"]
[Date "2016.12.17"]
[Round "18.8"]
[White "Matlakov, Maxim"]
[Black "Vallejo Pons, Francisco"]
[Result "1/2-1/2"]
[WhiteTitle "GM"]
[BlackTitle "GM"]
[WhiteElo "2694"]
[BlackElo "2711"]
[WhiteFideId "4168003"]
[BlackFideId "2205530"]
[EventDate "2016.12.17"]

1. Nf3 e6 2. d4 f5 3. g3 Nf6 4. Bg2 d5 5. O-O Bd6 6. b3 O-O 7. c4 c6 8. Ba3 Bxa3
9. Nxa3 b6 10. Rc1 Bb7 11. Nc2 Nbd7 12. Nce1 dxc4 13. bxc4 Qe7 14. Nd3 c5 15. e3
Rac8 16. Qa4 Bc6 17. Qa3 Rfe8 18. Qb2 Bxf3 19. Bxf3 e5 20. dxe5 Nxe5 21. Nxe5
Qxe5 22. Qxe5 Rxe5 23. Rfd1 Kf7 24. a4 g5 25. a5 Re6 26. axb6 Rxb6 27. Ra1 Rc7
28. Ra5 g4 29. Bg2 Rb4 30. h3 Rxc4 31. hxg4 fxg4 32. Rda1 Kg6 33. Ra6 Rb4 34. e4
Re7 35. Rc6 Rb6 36. Rxc5 Nxe4 37. Bxe4+ Rxe4 38. Rxa7 h5 39. Kg2 Rf6 40. Ra2 1/2-1/2

[Event "European Blitz 2016"]
[Site "Tallinn EST"]
[Date "2016.12.17"]
[Round "18.9"]
[White "Kantans, Toms"]
[Black "Wojtaszek, Radoslaw"]
[Result "0-1"]
[WhiteTitle "IM"]
[BlackTitle "GM"]
[WhiteElo "2454"]
[BlackElo "2749"]
[WhiteFideId "11602945"]
[BlackFideId "1118358"]
[EventDate "2016.12.17"]

1. e4 c6 2. d4 d5 3. e5 Bf5 4. Nf3 e6 5. Be2 Nd7 6. O-O h6 7. Nbd2 Ne7 8. Nb3 g5
9. Ne1 Bg7 10. Nd3 b6 11. a4 a5 12. Be3 O-O 13. Rc1 f6 14. exf6 Nxf6 15. Ne5 Nd7
16. Nxd7 Qxd7 17. c4 dxc4 18. Bxc4 Nd5 19. Re1 Kh8 20. Nd2 Nxe3 21. fxe3 e5 22.
Nb3 Rad8 23. Bd3 exd4 24. Bxf5 Qxf5 25. exd4 Qf2+ 26. Kh1 c5 27. Re2 Qf4 28. h3
cxd4 29. Nd2 d3 30. Re4 Qf2 31. Rc6 Rde8 32. Rxe8 Rxe8 33. Nf3 d2 0-1

[Event "European Blitz 2016"]
[Site "Tallinn EST"]
[Date "2016.12.17"]
[Round "18.10"]
[White "Jovanovic, Zoran"]
[Black "Bortnyk, Olexandr"]
[Result "0-1"]
[WhiteTitle "GM"]
[BlackTitle "GM"]
[WhiteElo "2534"]
[BlackElo "2581"]
[WhiteFideId "14505320"]
[BlackFideId "14120828"]
[EventDate "2016.12.17"]

1. e4 Nf6 2. e5 Nd5 3. d4 d6 4. Nf3 g6 5. Bc4 Nb6 6. Bb3 Bg7 7. a4 a5 8. Ng5 d5
9. f4 O-O 10. O-O f6 11. Nf3 fxe5 12. fxe5 Bf5 13. Bg5 Qd7 14. Nc3 Na6 15. Qd2
e6 16. h3 c5 17. dxc5 Nxc5 18. Bh6 Bxh6 19. Qxh6 Nxb3 20. cxb3 Qe7 21. Nb5 Nd7
22. Nbd4 Nc5 23. Ng5 Rae8 24. g4 Bd3 25. Rf6 Ne4 26. Nxe4 dxe4 27. Qg5 Qc5 28.
Qe3 Qxe5 29. Rxf8+ Rxf8 30. Rc1 Rd8 31. Nb5 0-1

[Event "European Blitz 2016"]
[Site "Tallinn EST"]
[Date "2016.12.17"]
[Round "18.11"]
[White "Zhigalko, Sergei"]
[Black "Motylev, Alexander"]
[Result "1/2-1/2"]
[WhiteTitle "GM"]
[BlackTitle "GM"]
[WhiteElo "2671"]
[BlackElo "2663"]
[WhiteFideId "13502956"]
[BlackFideId "4121830"]
[EventDate "2016.12.17"]

1. e4 c6 2. d4 d5 3. e5 Bf5 4. Nf3 e6 5. Be2 Ne7 6. c3 Ng6 7. h4 h5 8. Bd3 Ne7
9. Bg5 Bxd3 10. Qxd3 Nd7 11. Nbd2 Qb6 12. b4 a5 13. O-O Nf5 14. Rfb1 axb4 15.
cxb4 Qb5 16. Qc2 Qa4 17. Qc3 f6 18. Bf4 Kf7 19. a3 Be7 20. Re1 fxe5 21. Bxe5
Bxh4 22. Nxh4 Nxh4 23. Nf3 Nxf3+ 24. Qxf3+ Nf6 25. Re3 Rae8 26. Rc1 Rh6 27. Rc5
b6 28. Rc1 Kg8 29. Bxf6 gxf6 30. Qg3+ Kf7 31. Qd6 h4 32. Rec3 Rg6 33. Rxc6 Qxa3
34. Rc7+ Kg8 35. Rc8 Rxc8 36. Qxe6+ Kh7 37. Rxc8 Qa1+ 38. Kh2 Qxd4 39. Qf7+ Kh6
40. Rh8+ Kg5 41. Qh7 Qf4+ 42. Kg1 Qc1+ 43. Kh2 Qf4+ 44. Kg1 Qc1+ 1/2-1/2

[Event "European Blitz 2016"]
[Site "Tallinn EST"]
[Date "2016.12.17"]
[Round "18.12"]
[White "Bartel, Mateusz"]
[Black "Riazantsev, Alexander"]
[Result "1/2-1/2"]
[WhiteTitle "GM"]
[BlackTitle "GM"]
[WhiteElo "2641"]
[BlackElo "2671"]
[WhiteFideId "1112635"]
[BlackFideId "4125029"]
[EventDate "2016.12.17"]

1. g3 d5 2. Bg2 c6 3. d3 e5 4. Nf3 Bd6 5. c4 Nf6 6. cxd5 cxd5 7. O-O O-O 8. Nc3
Nc6 9. Bg5 Be6 10. Nd2 Be7 11. Rc1 h6 12. Bxf6 Bxf6 13. Nb3 Be7 14. Na4 Rc8 15.
Nac5 Qb6 16. Nxe6 fxe6 17. Bh3 Rf6 18. e3 Rcf8 19. Qe2 Kh8 20. Bg2 a5 21. Rb1
Qb5 22. Nc1 a4 23. Qd1 Bc5 24. Qe2 Bb6 25. a3 Ne7 26. Kh1 Nf5 27. b3 axb3 28.
Rxb3 Qa6 29. d4 Bc7 30. dxe5 Bxe5 31. Qxa6 bxa6 32. Kg1 Rc8 33. Nd3 Bd6 34. Rb6
Bxa3 35. Rxa6 Bd6 36. Bh3 Rd8 37. Rfa1 Ne7 38. Ra8 Rxa8 39. Rxa8+ Kh7 40. Ra6 e5
41. Bg2 e4 42. Nc1 Be5 43. Ra5 Rc6 44. Ne2 Rc2 45. Bf1 Kg6 46. Ra6+ Kf7 47. Ra5 1/2-1/2

[Event "European Blitz 2016"]
[Site "Tallinn EST"]
[Date "2016.12.17"]
[Round "18.13"]
[White "Anton Guijarro, David"]
[Black "Potkin, Vladimir"]
[Result "1-0"]
[WhiteTitle "GM"]
[BlackTitle "GM"]
[WhiteElo "2650"]
[BlackElo "2597"]
[WhiteFideId "2285525"]
[BlackFideId "4131061"]
[EventDate "2016.12.17"]

1. d4 d5 2. c4 c6 3. Nf3 Nf6 4. e3 Bg4 5. h3 Bh5 6. Nbd2 e6 7. Bd3 Nbd7 8. b3
Be7 9. Bb2 O-O 10. O-O a5 11. a3 Bg6 12. Bxg6 hxg6 13. Qc2 Re8 14. c5 Qc7 15. b4
b6 16. Rfc1 axb4 17. axb4 Qb7 18. Bc3 Reb8 19. Rab1 Ra3 20. Nb3 Raa8 21. Be1 Ne4
22. cxb6 Rc8 23. Nc5 Bxc5 24. bxc5 Ra6 25. Ra1 Rca8 26. Qb2 f6 27. Nd2 Nxd2 28.
Bxd2 f5 29. f3 Kf7 30. Be1 e5 31. Bc3 e4 32. fxe4 fxe4 33. Be1 Nf8 34. Bg3 Ne6
35. Rxa6 Rxa6 36. Ra1 Rxa1+ 37. Qxa1 Ke8 38. Qa7 Nd8 39. Bc7 1-0

[Event "European Blitz 2016"]
[Site "Tallinn EST"]
[Date "2016.12.17"]
[Round "18.14"]
[White "Sychev, Klementy"]
[Black "Onischuk, Vladimir"]
[Result "0-1"]
[WhiteTitle "IM"]
[BlackTitle "GM"]
[WhiteElo "2453"]
[BlackElo "2601"]
[WhiteFideId "4114060"]
[BlackFideId "14114038"]
[EventDate "2016.12.17"]

1. d4 d6 2. e4 Nf6 3. Nc3 g6 4. Nf3 Bg7 5. Bg5 O-O 6. Qd2 Bg4 7. Qf4 Bxf3 8.
Qxf3 Nc6 9. O-O-O Nd7 10. Ne2 a5 11. h4 h6 12. Be3 a4 13. a3 b5 14. c3 Nb6 15.
Ng3 e6 16. Bd3 Nc4 17. h5 g5 18. e5 d5 19. Qe2 f5 20. exf6 Qxf6 21. Rhf1 Qe7 22.
Bc2 Nxa3 23. bxa3 Qxa3+ 24. Kd2 Na5 25. Qd3 Rf6 26. Ke2 Nc4 27. f4 g4 28. Bc1
Qd6 29. Kf2 a3 30. Bd2 a2 31. Ra1 b4 32. cxb4 Ra3 33. Bc3 Qxf4+ 34. Kg1 Qe3+ 35.
Qxe3 Nxe3 36. Rxf6 Bxf6 37. Ne2 Nxc2 0-1

[Event "European Blitz 2016"]
[Site "Tallinn EST"]
[Date "2016.12.17"]
[Round "18.15"]
[White "Huzman, Alexander"]
[Black "Alekseev, Evgeny"]
[Result "0-1"]
[WhiteTitle "GM"]
[BlackTitle "GM"]
[WhiteElo "2557"]
[BlackElo "2632"]
[WhiteFideId "2803828"]
[BlackFideId "4138147"]
[EventDate "2016.12.17"]

1. Nf3 Nf6 2. b3 d5 3. e3 Bg4 4. h3 Bh5 5. Bb2 e6 6. d3 c6 7. g4 Bg6 8. Rg1 Nfd7
9. h4 h5 10. g5 Qc7 11. Bh3 e5 12. Nbd2 Bd6 13. e4 O-O 14. Kf1 Re8 15. Bf5 Nf8
16. c4 Bxf5 17. exf5 Qd7 18. f6 e4 19. dxe4 dxe4 20. Ne1 Qh3+ 21. Ng2 g6 22. Qe2
Na6 23. Qe3 Qf5 24. Bd4 Nb4 25. Qc3 Nd3 26. c5 Bc7 27. Be3 Be5 28. Bd4 e3 0-1

[Event "European Blitz 2016"]
[Site "Tallinn EST"]
[Date "2016.12.17"]
[Round "18.17"]
[White "Kobalia, Mikhail"]
[Black "Martinovic, Sasa"]
[Result "1-0"]
[WhiteTitle "GM"]
[BlackTitle "GM"]
[WhiteElo "2628"]
[BlackElo "2550"]
[WhiteFideId "4119150"]
[BlackFideId "14509792"]
[EventDate "2016.12.17"]

1. e4 c5 2. Nf3 Nc6 3. Bb5 e6 4. O-O Nge7 5. d4 cxd4 6. Nxd4 Ng6 7. Be2 Be7 8.
c4 O-O 9. Nc3 a6 10. Kh1 Qc7 11. Be3 b6 12. f4 Bb7 13. Rc1 Bc5 14. f5 Nge5 15.
f6 Nxd4 16. Bxd4 Bxd4 17. Qxd4 d6 18. Qe3 gxf6 19. Rxf6 Kh8 20. Rd1 Rg8 21. Qd4
Rad8 22. b4 Rd7 23. a3 Rg6 24. Rf2 Kg8 25. Na4 Ng4 26. Bxg4 Rxg4 27. Nc3 Bc6 28.
Rd3 Qb7 29. Re3 Rd8 30. h3 Rg6 31. Rd2 Qc7 32. Rf3 Rd7 33. Rdf2 Qb7 34. b5 Rc7
35. bxc6 Qxc6 36. e5 dxe5 37. Qxe5 Qxc4 38. Ne4 f5 39. Nf6+ Kf7 40. Nh5 Rc8 41.
Kh2 b5 42. Rf4 Qc7 43. Qxc7+ Rxc7 44. g4 Ke7 45. gxf5 exf5 46. Rxf5 Rc3 47. R5f3
Rc4 48. Ng3 Ra4 49. Rd2 Re6 50. Nf5+ Ke8 51. Ng7+ 1-0